BL Dramas by Main Couple Picture #4 - Statistics

General Stats
  • This quiz has been taken 45 times
  • The average score is 7 of 16
Answer Stats
Picture Answer % Correct
Revenged Love
91%
Fish upon the Sky
80%
Shine
74%
Jack & Joker: U Steal My Heart!
71%
Love by Chance
57%
My Beautiful Man
57%
The Trainee
51%
Red, White & Royal Blue
49%
Cherry Blossoms after Winter
43%
Wedding Plan
31%
Step by Step
29%
Gameboys
26%
La Pluie
26%
609 Bedtime Story
17%
Battle of the Writers
14%
Eternal Butler
11%
No matching quizzes found
Score Distribution
Percent of People with Each Score
Percentile by Number Answered
Your Score History
You have not taken this quiz